|
|
|
|
| LEADER |
01622cas a2200241 a 4500 |
| 001 |
AALejournalIMF001249 |
| 008 |
230101c9999 xx r poo 0 0eng d |
| 020 |
|
|
|c 5.00 USD
|
| 020 |
|
|
|z 9781451819793
|
| 022 |
|
|
|a 1934-7685
|
| 040 |
|
|
|a BD-DhAAL
|c BD-DhAAL
|
| 110 |
2 |
|
|a International Monetary Fund.
|
| 245 |
1 |
0 |
|a Italy :
|b Selected Issues.
|
| 264 |
|
1 |
|a Washington, D.C. :
|b International Monetary Fund,
|c 2000.
|
| 300 |
|
|
|a 1 online resource (141 pages)
|
| 490 |
1 |
|
|a IMF Staff Country Reports
|
| 500 |
|
|
|a <strong>Off-Campus Access:</strong> No User ID or Password Required
|
| 500 |
|
|
|a <strong>On-Campus Access:</strong> No User ID or Password Required
|
| 506 |
|
|
|a Electronic access restricted to authorized BRAC University faculty, staff and students
|
| 520 |
3 |
|
|a The paper examines macroeconomic and structural factors potentially explaining the country's underperformance. A comparison between the reform and baseline policy scenarios underscores maintaining a strong fiscal position, early reductions in primary expenditures, and reducing fiscal vulnerability. Assigning the financing and management of the health care system to the regions may increase the efficiency and the productivity of the health care system. The information on Italy's economy and legal as well as regulatory environment is available on the worldwide web, and the paper lists the related sites.
|
| 538 |
|
|
|a Mode of access: Internet
|
| 830 |
|
0 |
|a IMF Staff Country Reports; Country Report ;
|v No. 2000/082
|
| 856 |
4 |
0 |
|z Full text available on IMF
|u http://elibrary.imf.org/view/journals/002/2000/082/002.2000.issue-082-en.xml
|z IMF e-Library
|